| 000 | 00549nam a22001577a 4500 | ||
|---|---|---|---|
| 003 | NUST | ||
| 082 | _a610 | ||
| 100 |
_aAhmed ,Ali _934806 |
||
| 245 |
_aFinite Element Analysis of Intracranial Pressure under the influence of Brain Tumor / _cAli Ahmed |
||
| 264 |
_aIslamabad: _b SMME- NUST. _c2020. |
||
| 300 |
_a87p. ; _bSoft Copy, _c30cm. |
||
| 650 |
_aMS Biomedical Engineering (BME) _9119509 |
||
| 700 |
_aSupervisor : Dr. Zartasha Mustansar _9122204 |
||
| 856 | _uhttp://10.250.8.41:8080/xmlui/handle/123456789/8666 | ||
| 942 |
_2ddc _cTHE |
||
| 999 |
_c608741 _d608741 |
||